Informační systém podniku

Guardado en:
Detalles Bibliográficos
Autor principal: Svoboda, Stanislav
Formato: Libro
Lenguaje:checo
Publicado: Praha Svoboda 1982
Etiquetas: Agregar Etiqueta
Sin Etiquetas, Sea el primero en etiquetar este registro!

MARC

LEADER 00000nam a2200000 4500
001 c119100
005 20230105083758.5
041 0 |a cze 
044 |a CZ 
245 1 0 |a Informační systém podniku  |c Stanislav Svoboda 
264 1 |a Praha  |b Svoboda  |c 1982 
300 |a 326 s. 
100 1 |a Svoboda, Stanislav